000 00534nam a2200229Ia 4500
003 OSt
005 20220912144338.0
006 a|||||r|||| 00| 0
007 ta
008 220909b |||||||| |||| 00| 0 eng d
020 _aSL0745391
024 _a195146
037 _cTextual
040 _aCSL
_beng
_cCSL
041 _aeng
082 _aH51.2, L7
100 _aGupta VJ
245 0 _aIndian precambrian stratigraphy
700 _aGupta VJ
942 _hH51.2, L7
_cTEXL
_2CC
999 _c5587
_d5587